Solid waste management (Record no. 76648)

MARC details
000 -LEADER
fixed length control field 00818nam a2200157 a 4500
008 - FIXED-LENGTH DATA ELEMENTS--GENERAL INFORMATION
fixed length control field 120416s0000 ||||||||||||||||| || u
020 ## - INTERNATIONAL STANDARD BOOK NUMBER
International Standard Book Number 8171413412
050 ## - LIBRARY OF CONGRESS CALL NUMBER
Classification number TD 788 Dew
100 ## - MAIN ENTRY--PERSONAL NAME
Personal name Dewan, J. M
245 10 - TITLE STATEMENT
Title Solid waste management
260 ## - PUBLICATION, DISTRIBUTION, ETC.
Place of publication, distribution, etc. New Delhi
Name of publisher, distributor, etc. Discovery publishing house
Date of publication, distribution, etc. 1996
350 ## -
-- 0.00
995 ## -
-- ANNEX COLLECTION (Main Library)
-- 0.00
-- 732390
-- CBU-MAIN LIBRARY (Kitwe)
-- 1
-- 0.00
-- TD 788 Dew
-- 1
-- AVAILABLE
-- 029584
-- Annex Low-Usage Collection
995 ## -
-- ANNEX COLLECTION (Main Library)
-- 0.00
-- 732388
-- CBU-MAIN LIBRARY (Kitwe)
-- 2
-- 0.00
-- TD 788 Dew
-- 2
-- AVAILABLE
-- May 18, 2006
-- 029586
-- Annex Low-Usage Collection
995 ## -
-- ANNEX COLLECTION (Main Library)
-- 0.00
-- 732389
-- CBU-MAIN LIBRARY (Kitwe)
-- 3
-- 0.00
-- TD 788 Dew
-- 3
-- AVAILABLE
-- Jul 11, 2006
-- 029585
-- Annex Low-Usage Collection
999 ## -
-- 76648
-- 76648
Holdings
Withdrawn status Lost status Source of classification or shelving scheme Damaged status Not for loan Permanent Location Current Location Date acquired Full call number Barcode Date last seen Copy number Price effective from Koha item type Shelving location Total Checkouts
Withdrawn         CBU-MAIN LIBRARY, KITWE. CBU-MAIN LIBRARY, KITWE. 04/25/2023 TD 788 Dew 029584 04/25/2023 1 04/25/2023 MONOGRAPH    
          CBU-MAIN LIBRARY, KITWE. CBU-MAIN LIBRARY, KITWE. 04/25/2023 TD 788 Dew 029586 04/25/2023 2 04/25/2023 MONOGRAPH    
          CBU-MAIN LIBRARY, KITWE. CBU-MAIN LIBRARY, KITWE. 04/25/2023 TD 788 Dew 029585 04/25/2023 3 04/25/2023 MONOGRAPH